000 00313nam a22001337a 4500
008 181205b xxu||||| |||| 00| 0 eng d
020 _a9780130115799
041 _aeng
080 _23 TH
_a370
100 _a47
101 _aEDU
245 _aEffective Raeding In Chaning World
_cRose.W
942 _2udc
_cBK
999 _c52875
_d52875